El comercio de los productos transgenéricos: el estado del debate internacional.

Detalles Bibliográficos
Autor principal: Larach,María Angélica
Formato: Libro
Lenguaje:inglés
Publicado: Santiago, Chile CEPAL 2001

MARC

LEADER 00000cam a2200000 a 4500
001 041912
003 UAHC_CL
005 20170803124631.0
008 020107b xx j 000 1 eng
040 |a UAHC_CL  |c UAHC_CL  |d UAHC_CL 
100 1 |a Larach,María Angélica 
245 1 3 |a El comercio de los productos transgenéricos: el estado del debate internacional. 
260 |b CEPAL  |c 2001  |a Santiago, Chile 
900 |a REVISTA DE LA CEPAL-75 
942 |c BK 
999 |c 41912  |d 41912